Fossile schätze /
Uložené v:
| Hlavní autori: | , |
|---|---|
| Médium: | Kniha |
| Jazyk: | German |
| Vydané: |
Leipzig :
Edition Leipzig,
1981.
|
| Vydanie: | 1. Auflage |
| Fyzický popis: |
231 strán : fot. |
| Tagy: |
Pridať tag
Žiadne tagy, Buďte prvý kto otaguje tento záznam!
|
Titul je dostupný aj v ... 

MARC
| LEADER | 00000nam a22000002i 4500 | ||
|---|---|---|---|
| 001 | 000724924 | ||
| 005 | 20250212113034.0 | ||
| 008 | 250212s gw e 000 0 ger d | ||
| 020 | |c Kčs 270,00 |q (viazané) | ||
| 040 | |a SVKKK |b slo |c SVKKK |e rda | ||
| 041 | 0 | |a ger | |
| 044 | |a gw |c DE | ||
| 100 | 1 | |a Daber, Rudolf |4 aut | |
| 245 | 1 | 4 | |a Fossile schätze / |c Rudolf Daber, Jochen Helms. |
| 250 | |a 1. Auflage | ||
| 264 | 1 | |a Leipzig : |b Edition Leipzig, |c 1981. | |
| 300 | |a 231 strán : |b fot. | ||
| 336 | |a text |b txt |2 rdacontent | ||
| 337 | |a bez média |b n |2 rdamedia | ||
| 338 | |a zväzok |b nc |2 rdacarrier | ||
| 500 | |a Záznam revízie | ||
| 700 | 1 | |a Helms, Jochen |4 aut | |
| 910 | |a svkkk | ||
| 998 | |a BK | ||
| 090 | |g SCKHL |k Sklad Pribinova 3. posch. |a V.131584 |j 666247 |i 2720939971 |s Absenčne | ||